The Classics - composer, please. - Statistics

General Stats
  • This quiz has been taken 37 times
  • The average score is 11 of 15
Answer Stats
Hint Answer % Correct
Moonlight Sonata Ludwig van Beethoven
97%
The Magic Flute Wolfgang Amadeus Mozart
97%
The Brandenburg Concertos Johann Sebastian Bach
89%
Swan Lake Pyotr Ilich Tchaikovsky
81%
Ride of the Valkyries Richard Wagner
81%
Claire de Lune Claude Debussy
75%
Carmen Georges Bizet
75%
Peer Gynt Suite Edvard Grieg
72%
Jupiter (The Planets) Gustav Holst
69%
Finlandia Jean Sibelius
64%
Canon in D major Johann Pachelbel
58%
Flight of the Bumble Bee Nikolai Rimsky-Korsakov
58%
O Fortuna (Carmina Burana) Carl Orff
56%
Barber of Seville Gioachino Rossini
56%
On the beautiful blue Danube Johann Strauss II
22%
No matching quizzes found
Score Distribution
Percent of People with Each Score
Percentile by Number Answered
Your Score History
You have not taken this quiz